| 000 | 00583nam a2200205 a 4500 | ||
|---|---|---|---|
| 005 | 20210219152826.0 | ||
| 008 | 991125n 000 0 eng u | ||
| 035 | _aUPN01000062510 | ||
| 100 | _aLIPPI-GREEN, Rosina | ||
| 222 | _aLANGUAGE IN SOCIETY | ||
| 245 | _aAccent, standard language ideology, and discriminatory pretext in the courts | ||
| 300 | _a163-198 | ||
| 362 | _a1994 Vol. 23, no. 2, jun. | ||
| 653 | 0 | _aDERECHOS HUMANOS | |
| 653 | 0 | _aDISCRIMINACION RACIAL | |
| 653 | 0 | _aIDEOLOGIA EDUCATIVA | |
| 653 | 0 | _aLENGUAJE | |
| 904 |
_aAC _b000321 |
||
| 905 | _aArticulo | ||
| 999 |
_c61759 _d61759 |
||